Evaluación aplicada a la enseñanza.

Na minha lista:
Detalhes bibliográficos
Autor principal: Benedito, Vicente (autor)
Outros Autores: Cea, Fernando de (autor) (autor), Daniel, María Pilar (autor) (autor)
Formato: Livro
Idioma:espanhol
Assuntos:
Tags: Adicionar Tag
Sem tags, seja o primeiro a adicionar uma tag!

MARC

LEADER 00000cam^a2200000uu^4500
001 000457853
005 20250521000000.0
008 050901s1977^^^^^^^^^^^^rd^r^^000^0^spa^d
009 20260310124054.851
022 |a 8432993026 
035 |a FCE 000000297 
035 |a FCE 000298 
037 |a Acervo ITESO - Biblioteca 
041 |a spa 
082 0 4 |a 271.27  |b BENe 
100 |a Benedito, Vicente  |e (autor) 
245 1 0 |a Evaluación aplicada a la enseñanza. 
264 |a Barcelona :  |b CEAc,  |c 1977. 
300 |a 158 p. 
336 |a texto  |b txt  |2 rdacontenido 
337 |a sin mediación  |b n  |2 rdamedio 
338 |a volumen  |b nc  |2 rdasoporte 
649 |a XX 
650 |a Teoría 
650 |a Evaluación de la enseñanza 
650 |a Evaluación educativa 
700 |a Cea, Fernando de  |e (autor) 
700 |a Daniel, María Pilar  |e (autor) 
910 |a Fondo Centro de Estudios Educativos 
920 |a Impresos - Libros 
930 |a Fondos Especiales 
905 |a 133 
901 |a ALE000298  |b IT2  |c CEE  |u 20250521 
902 |a https://opac.biblio.iteso.mx/vufind/Record/000457853